| 000 | 01079cab a2200277 4500 | ||
|---|---|---|---|
| 001 | ABS50354 | ||
| 008 | 090401t1994 xxu||||| |||| 00| 0 eng d | ||
| 035 | _a(Sirsi) u75410 | ||
| 041 | _aeng | ||
| 245 | _aR v Newham LBC ex p Barking and Dagenham LBC; R v Newham LBC v ex p University of East London | ||
| 260 | _c1994 | ||
| 350 | _a0 | ||
| 490 |
_aRating Appeals _v1994 RA 13-20(17) |
||
| 520 | _aQBD 18 February 1994. A judicial review decided that the refund of overpayment of rates should be paid to the University of East London (formerly Polytechnic of East London incorporated in April 1989) rather than to Newham LBC and Barking and Dagenham LB who relinquished financial reponsibility for the University in 1989 even though the refund goes back to 1984-85. | ||
| 650 | _aGENERAL RATE 1967 | ||
| 650 | _aJUDICIAL REVIEW | ||
| 650 | _aOVERPAYMENT | ||
| 650 | _aRATEABLE VALUE | ||
| 650 | _aRATES | ||
| 650 | _aREDUCTION | ||
| 650 | _aREFUND | ||
| 650 | _aUNIVERSITIES | ||
| 690 | _aRATING AND VALUATION-CASE LAW | ||
| 942 | _n0 | ||
| 948 | _c04/03/1997 | ||
| 999 |
_c47483 _d47483 |
||